Derecho Administrativo

Detalles Bibliográficos
Autor principal: Rivero Ortega, Ricardo
Formato: eBook
Lenguaje:español
Publicado: Quito: Corporacin̤ Editora Nacional, 2017
Materias:
Acceso en línea:Acceso restringido

MARC

LEADER 00000nam a22000007a 4500
005 2018051106116.0
007 cr|||| ||||
008 180511s2017 ec |||||s|||| 00||0 spa d
020 |a 978-9978-84-968-2 
035 |a 21598 
040 |a vLex 
090 |c 7935  |d 7935 
100 1 |a Rivero Ortega, Ricardo 
245 1 0 |a Derecho Administrativo  |h [Recurso electrn̤ico] /  |c Ricardo Rivero Ortega 
256 |a Servicio en ln̕ea 
260 |a Quito:  |b Corporacin̤ Editora Nacional,  |c 2017 
300 |a 1 recurso electrn̤ico 
506 1 |a Disponible solo en los productos indicados  |d vLex Global  |d vLex Global (Academic Edition, excluding Law Schools)  |d vLex Global (U.S. Academic Edition, Law Schools)  |d vLex Global (U.S. Academic Edition, excluding Law Schools)  |d vLex Global (Academic Edition, Law Schools) 
650 0 4 |a Derecho Pb︢lico y Administrativo  |z Ecuador 
740 0 |a vLex Libros (Servicio en ln̕ea) 
856 4 0 |u http://vlex.com/source/derecho-administrativo-21598  |z Acceso restringido 
942 |c BOOK 
999 0 |a Public and Administrative Law